Flags of Europe in 1938 - Statistics

General Stats
  • This quiz has been taken 69 times
  • The average score is 29 of 32
Answer Stats
Picture Answer % Correct
Portugal
100%
France
98%
Belgium
97%
Ireland
97%
Netherlands
97%
Norway
97%
Poland
97%
Spain
97%
United Kingdom
97%
Albania
95%
Denmark
95%
Finland
95%
Italy
95%
Luxembourg
95%
Monaco
95%
Romania
95%
Sweden
95%
Switzerland
95%
Vatican City
95%
Andorra
93%
Bulgaria
92%
San Marino
92%
Estonia
90%
Latvia
88%
Greece
86%
Hungary
86%
Soviet Union
86%
Liechtenstein
85%
Yugoslavia
85%
Lithuania
83%
Czechoslovakia
81%
Nazi Germany
73%
No matching quizzes found
Score Distribution
Percent of People with Each Score
Percentile by Number Answered
Your Score History
You have not taken this quiz